[Event "CZE-chT1W 1718"]
[Site "Czech Republic"]
[Date "2017.11.26"]
[Round "3.5"]
[White "Husarik, Branko"]
[Black "Olsarova, Karolina"]
[Result "0-1"]
[WhiteElo "2108"]
[BlackElo "2293"]
[PlyCount "72"]
[EventDate "2017.10.29"]
[EventType "team-tourn"]
[EventRounds "11"]
[EventCountry "CZE"]
[SourceTitle "EXT 2019"]
[Source "ChessBase"]
[SourceDate "2018.10.10"]
[SourceVersion "1"]
[SourceVersionDate "2018.10.10"]
[SourceQuality "1"]
[WhiteTeam "Lysa nad Labem III"]
[BlackTeam "Neratovice"]
[WhiteTeamCountry "CZE"]
[BlackTeamCountry "CZE"]

1. e4 e5 2. Nf3 Nc6 3. Bc4 Bc5 4. b4 Bxb4 5. c3 Ba5 6. d4 exd4 7. 0-0 Nge7 8. Ng5 d5 9. exd5 Ne5 10. Qxd4 f6 11. Re1 Bb6 12. Qh4 Bf5 13. Ba3 N7g6 14. Qh5 Qd7 15. Nf3 0-0-0 16. Nxe5 Nxe5 17. Nd2 Bg4 18. Qh4 h5 19. Rxe5 fxe5 20. Re1 Rde8 21. Qg5 Qf5 22. Nf3 e4 23. Bb5 Rd8 24. Qxf5+ Bxf5 25. Nh4 Bh7 26. Be7 Rxd5 27. Bc4 Rd2 28. Be2 Rxa2 29. g3 Re8 30. Bg5 Rf8 31. Be3 Bxe3 32. fxe3 g5 33. Ng2 Bg6 34. h4 gxh4 35. gxh4 Bf5 36. Bxh5 Rg8 0-1

[Event "CZE-chT2C 1718"]
[Site "Czech Republic"]
[Date "2017.11.19"]
[Round "3.4"]
[White "Jurek, Miroslav"]
[Black "Husarik, Branko"]
[Result "1-0"]
[WhiteElo "2076"]
[BlackElo "2108"]
[PlyCount "81"]
[EventDate "2017.10.15"]
[EventType "team-tourn"]
[EventRounds "11"]
[EventCountry "CZE"]
[SourceTitle "EXT 2022"]
[Source "ChessBase"]
[SourceDate "2021.10.06"]
[SourceVersion "1"]
[SourceVersionDate "2021.10.06"]
[SourceQuality "1"]
[WhiteTeam "Jihlava Gambit"]
[BlackTeam "Praha Eurovia"]
[WhiteTeamCountry "CZE"]
[BlackTeamCountry "CZE"]

1. e4 e5 2. Nf3 Nc6 3. d4 exd4 4. c3 d5 5. exd5 Qxd5 6. cxd4 Bb4+ 7. Nc3 Bg4 8. Be2 Nf6 9. 0-0 Bxc3 10. bxc3 0-0 11. Bf4 Qa5 12. Qb3 Rab8 13. h3 Be6 14. Qc2 Bf5 15. Bd3 Bxd3 16. Qxd3 Nd5 17. Ng5 Nf6 18. Rfe1 h6 19. Ne4 Nxe4 20. Rxe4 Rbe8 21. Rae1 Rxe4 22. Rxe4 g5 23. Bg3 Qxa2 24. Bxc7 Rc8 25. Bg3 Rd8 26. h4 Kg7 27. Kh2 f6 28. c4 Rd7 29. d5 Nd8 30. h5 Nf7 31. Re8 Nh8 32. Qe4 Qa6 33. d6 Qc6 34. Re7+ Rxe7 35. Qxe7+ Nf7 36. d7 Kg8 37. d8Q+ Nxd8 38. Qxd8+ Kf7 39. Bd6 Qxc4 40. Qe7+ Kg8 41. Qe8+ 1-0